Development of horticulture in the SAARC countries : Papers presented at the 7th meeting of the SAARC technical committee on agriculture 15-17 February 1999, New Delhi, India (Record no. 43924)

MARC details
000 -LEADER
fixed length control field 00469nam a2200121Ia 4500
082 ## - DEWEY DECIMAL CLASSIFICATION NUMBER
Classification number 634(5-13)
Item number MAN
100 ## - MAIN ENTRY--AUTHOR NAME
Personal name Mansura, Begum
245 #0 - TITLE STATEMENT
Title Development of horticulture in the SAARC countries : Papers presented at the 7th meeting of the SAARC technical committee on agriculture 15-17 February 1999, New Delhi, India
260 ## - PUBLICATION, DISTRIBUTION, ETC. (IMPRINT)
Place of publication Bangladesh
Name of publisher SAARC Agricultural Information Centre
Year of publication 200
490 ## - SERIES STATEMENT
Series statement 0
942 ## - ADDED ENTRY ELEMENTS (KOHA)
Koha item type Books
Holdings
Withdrawn status Lost status Damaged status Not for loan Home library Current library Date acquired Source of acquisition Full call number Accession Number Koha item type
        RRII Library RRII Library 16/12/2021 Gift 634(5-13) MAN G00673 Books